000 00679nam a2200181 4500
001 138853
003 ES-MaACL
005 20230906195642.0
007 t|
008 070214s1950 cu r ||||1| spa d
100 1 _aSantovenia, Emeterio S.
_9103543
245 1 0 _aCuarenta años de vida de la Academia
_b: discurso leído por el Académico de Número Dr. Emeterio S. Santovenia en la sesión... 10 de octubre de 1950.
260 _aLa Habana :
_b[s. n.],
_c1950 (
_fImp. El Siglo XX)
300 _a30 p. ;
_c25 cm.
500 _aPrecede al tít.: Academia de la Historia de Cuba.
710 2 _aAcademia de la Historia de Cuba.
_91183
852 _aES-MaACL
_j1917-F-2
_bR.30425
999 _c138853
_d138853